Provinces of China by Shape - Statistics

General Stats
  • This quiz has been taken 37 times
  • The average score is 26 of 34
Answer Stats
Picture Answer % Correct
Inner Mongolia
91%
Tibet
91%
Chongqing
82%
Gansu
82%
Guangdong
82%
Hebei
82%
Shandong
82%
Shanxi
82%
Taiwan
82%
Xinjiang
82%
Yunnan
82%
Fujian
77%
Hainan
77%
Heilongjiang
77%
Hong Kong
77%
Ningxia
77%
Shaanxi
77%
Zhejiang
77%
Beijing
73%
Guangxi
73%
Hubei
73%
Jiangxi
73%
Macau
73%
Shanghai
73%
Sichuan
73%
Tianjin
73%
Anhui
68%
Guizhou
68%
Jiangsu
68%
Jilin
68%
Liaoning
68%
Hunan
64%
Henan
59%
Qinghai
55%
No matching quizzes found
Score Distribution
Percent of People with Each Score
Percentile by Number Answered
Your Score History
You have not taken this quiz